Managing community growth /

Bibliographic Details
Main Author: Kelly, Eric D.
Format: Book
Language:English
Published: Westport, Conn. : Praeger, [2004]
Edition:2nd ed.
Subjects:
Online Access:Table of contents

MARC

Tag First Indicator Second Indicator Subfields
LEADER 00000pam a22000004a 4500
001 in00002023607
005 20151031172337.0
008 040727s2004 ctuab b 001 0 eng
010 |a  2004017544 
020 |a 0275977935 (alk. paper) 
020 |a 0275978141 ((pbk) : alk. paper) 
035 |a (OCoLC)ocm56064838 
040 |a DLC  |c DLC  |d UtOrBLW 
042 |a pcc 
043 |a n-us--- 
049 |a TXAM 
050 0 0 |a HT167  |b .K44 2004 
082 0 0 |a 307.1/216/0973  |2 22 
100 1 |a Kelly, Eric D. 
245 1 0 |a Managing community growth /  |c Eric Damian Kelly. 
250 |a 2nd ed. 
264 1 |a Westport, Conn. :  |b Praeger,  |c [2004] 
264 4 |c ©2004 
300 |a xiii, 256 pages :  |b illustrations, maps ;  |c 25 cm. 
336 |a text  |b txt  |2 rdacontent 
337 |a unmediated  |b n  |2 rdamedia 
338 |a volume  |b nc  |2 rdacarrier 
504 |a Includes bibliographical references (pages [237]-249) and index. 
650 0 |a City planning  |z United States. 
650 0 |a Land use  |z United States  |x Planning. 
650 0 |a Cities and towns  |z United States  |x Growth. 
650 0 |a Urbanization  |z United States. 
650 0 |a Urban policy  |z United States. 
856 4 1 |3 Table of contents  |u http://www.loc.gov/catdir/toc/ecip0420/2004017544.html  |t 0 
945 |i PromptCat 
948 |a cataloged  |b h  |c 2005/2/4  |d c  |e dmitchel  |f 10:54:38 am 
994 |a 92  |b TXA 
999 |a MARS 
999 f f |s d0ded095-f5df-36d8-b9b5-84d3fa99d340  |i 01258a34-b060-3b5a-8b4f-8f4be731d11b  |t 0 
952 f f |p ric  |a Texas A&M University  |b Rellis Campus  |c Joint Library Facility  |d Remote Storage  |t 0  |e HT167 .K44 2004  |h Library of Congress classification  |i unmediated -- volume  |m A14832489334 
998 f f |a HT167 .K44 2004  |t 0  |l Remote Storage